01578nab a22002417a 4500003000400000005001700004008004100021040000700062100002800069245013600097260007300233300001500306500007200321505057600393505008900969650002901058650002601087650002801113650002701141650002401168650001101192773013301203OSt20251227010736.0190603e xxum|||| |||| 00| 0 spa d cPJ aPastore, José Ignacio13aEl daño sin autor en la era algorítmica : bpropuestas a diez años del Código Civil y Comercial /cJosé Ignacio Pastore.  cCiudad Autónoma de Buenos Aires :aThomson Reuters La Ley, b2025. ap. 339-353 aCita: TR LALEY AR/DOC/1760/2025 Publicado en: RCCyC 2025 (agosto). aSumario: I. Ecosistema algorítmico: de la automatización a la autonomía.— II. De la culpa invisible al riesgo creado: diagnóstico crítico del Cód. Civ. y Com.— III. Derecho comparado y jurisprudencia internacional.— IV. Debates doctrinales estratégicos.— V. Propuesta de reforma normativa argentina.— VI. Impacto procesal y prueba en litigios algorítmicos.— VII. Cuando el daño ya tiene rostro: el caso "García v. Character Technologies" como advertencia concreta.— VIII. Consideraciones finales: hacia un contrato social algorítmico.  t¿Te interesa el texto completo? Solicitalo al correo: koha@justierradelfuego.gov.ar 0aCODIGO CIVIL Y COMERCIAL 0aRESPONSABILIDAD CIVIL 0aINTELIGENCIA ARTIFICIAL 0aCIENCIA Y TECNOLOGÍA 0aDERECHO INFORMATICO 0aDAÑO0 02713dCiudad Autónoma de Buenos Aires : Thomson Reuters La Ley, 2015-tRevista Código Civil y Comercial. Nº 4 - Agosto 2025